000 00841nam a22002177a 4500
999 _c8066
_d8066
003 AR-CdUCM
008 190322b ||||| |||| 00| 0 spa d
040 _aMUNICIPALIDAD PROVINCIAL DEL CUSCO
_cBIBLIOTECA MUNICIPAL DEL CUSCO
082 _a630.98 /
_bC81
110 _aComisión de coordinación de tecnología andina
_922787
245 _aPrimer curso taller de agricultura andina /
260 _aHuancayo :
_bLas casas,
_c1983.
300 _a185 páginas ;
_bIlustraciones,
_c21 cm.
505 _aPrograma del primer curso taller -- Elementos metodológicos -- Ecología andina -- La organización social de producción -- Intercambio de experiencias ...
650 _aAgricultura
_9320
650 _aPerú
_935
650 _aSierra
_920679
710 _aUniversidad Nacional de Cajamarca
_922788
942 _2ddc
_cLIBROS
945 _aacv